LDR 00826naa#a2200205#i#450# 001 EN\FGKOU VO SPBU MVD ROSSII\bibl\116659 005 20260701033446.3 011 ## _a2071-8284 100 ## _a20260630b2026####ek#y0engy0150####ca 101 0# _aRUS 102 ## _aRU 200 1# _aDesigning an integration educational event in a law enforcement university based on the humanitarian and anthropological approach _eJournal article 210 1# _aSt. Petersburg _cSAINT-PETERSBURG UNIVERSITY OF THE MINISTRY OF INTERNAL AFFAIRS OF THE RUSSIAN FEDERATION _d2026 215 ## _a10 с. 608 ## _aJournal article _2local 675 ## _aВнеучебная жизнь студентов. 378.18 _zRUS 700 #1 _aTimofeeva _gAnna Anatol'evna 700 #1 _aUdaltsov _gAndrei Alexandrovich 700 #1 _aParnyuk _gNatalia Vital'evna 856 4# _avestnikspbmvd.ru _u